Liste des bières Trappistes - Statistiques

Statistiques générales
  • Ce quiz a été pris 246 fois
    211 depuis la dernière actualisation
  • Le résultat moyen est 3 sur 11
Statistiques - réponses
Pays Réponse % Correct
Belgique Orval
75%
Belgique Chimay
74%
Belgique Rochefort
48%
Belgique Westmalle
45%
Pays-Bas La Trappe
34%
Belgique Westvleteren
25%
France Mont des Cats
8%
Etats-Unis Spencer
7%
Pays-Bas Zundert
7%
Italie Tre Fontane
4%
Autriche Engelszell
2%
Aucun quiz correspondant
Distribution des résultats
% des personnes avec chaque résultat
Percentile par nombre de réponses
Votre historique - résultats
Vous n’avez pas pris ce quiz depuis la dernière actualisation